| Tag |
First Indicator |
Second Indicator |
Subfields |
| LEADER |
00000cam a2200000 4500 |
| 001 |
in00000666421 |
| 005 |
20151015083213.0 |
| 008 |
800924r18731873miu a 00010 eng d |
| 035 |
|
|
|a (OCoLC)06748136
|
| 035 |
|
|
|9 ACY0156AM
|
| 040 |
|
|
|a EEU
|c TXA
|d UtOrBLW
|
| 049 |
|
|
|a TXAI
|
| 090 |
|
|
|a BJ1571
|b .T2 1873
|
| 099 |
|
|
|a film
|a B
|a 1512
|a reel
|a 288.12
|
| 100 |
1 |
|
|a Talmage, T. De Witt
|q (Thomas De Witt),
|d 1832-1902.
|
| 245 |
1 |
4 |
|a The abominations of modern society /
|c By Rev. T. De Witt Talmage.
|
| 264 |
|
1 |
|a New York :
|b Adams, Victor,
|c 1873.
|
| 300 |
|
|
|a 3 pages ., [9]-290 pages ;
|c 19 cm.
|
| 336 |
|
|
|a text
|b txt
|2 rdacontent
|
| 337 |
|
|
|a microform
|b h
|2 rdamedia
|
| 338 |
|
|
|a microfilm reel
|b hd
|2 rdacarrier
|
| 500 |
|
|
|a Microfilm. Ann Arbor, Mich., University Microfilms [n.d.] (American culture series, Reel 288.12)
|
| 500 |
|
|
|a Microform.
|
| 650 |
|
0 |
|a Conduct of life.
|
| 999 |
|
|
|a MARS
|
| 999 |
f |
f |
|s 52d4784f-222e-3928-ba34-fa9b99f46d97
|i c36fd42f-0620-35a3-b3f7-742a32a15990
|t 0
|
| 952 |
f |
f |
|p default
|a Texas A&M University
|b College Station
|c Sterling C. Evans Library
|d Evans: Microforms (3rd floor)
|t 0
|e film B 1512 reel 288.12
|h Other scheme
|i microform -- microfilm reel
|
| 998 |
f |
f |
|a film B 1512 reel 288.12
|t 0
|l Evans: Microforms (3rd floor)
|